Sattya negapunaga (Record no. 214822)

MARC details
000 -LEADER
fixed length control field 00689nam a2200217Ia 4500
003 - CONTROL NUMBER IDENTIFIER
control field OSt
005 - DATE AND TIME OF LATEST TRANSACTION
control field 20250925125945.0
008 - FIXED-LENGTH DATA ELEMENTS--GENERAL INFORMATION
fixed length control field 210719s1999 xx 000 0 und d
040 ## - CATALOGING SOURCE
Transcribing agency AL
041 ## - LANGUAGE CODE
Language code of text/sound track or separate title Tulu
082 ## - DEWEY DECIMAL CLASSIFICATION NUMBER
Classification number T894.2 JAYS
100 ## - MAIN ENTRY--PERSONAL NAME
Personal name JAYANTI (S Bangera)
Dates associated with a name ಜಯಂತಿ (ಎಸ್ ಬಂಗೇರ)
9 (RLIN) 240456
245 ## - TITLE STATEMENT
Title Sattya negapunaga
Remainder of title ಸತ್ಯ ನೆಗಪುನಗ
260 ## - PUBLICATION, DISTRIBUTION, ETC.
Place of publication, distribution, etc. Mangaluru
Name of publisher, distributor, etc. Durga Prakashana
Date of publication, distribution, etc. 1999
300 ## - PHYSICAL DESCRIPTION
Extent 60
Other physical details PB
365 ## - TRADE PRICE
Price amount 30
Currency code Rs
650 ## - SUBJECT ADDED ENTRY--TOPICAL TERM
Topical term or geographic name entry element ತುಳು ಜಾನಪದ ನಾಟಕ Tulu janapada nataka
9 (RLIN) 240457
650 ## - SUBJECT ADDED ENTRY--TOPICAL TERM
Topical term or geographic name entry element Tulu Drama
9 (RLIN) 240458
906 ## - LOCAL DATA ELEMENT F, LDF (RLIN)
a janapada ; nataka ; negapunaga ; Sattya ; Tulu
942 ## - ADDED ENTRY ELEMENTS (KOHA)
Source of classification or shelving scheme Dewey Decimal Classification
Koha item type Book
Holdings
Withdrawn status Lost status Source of classification or shelving scheme Damaged status Not for loan Collection code Home library Current library Shelving location Date acquired Cost, normal purchase price Total Checkouts Full call number Barcode Date last seen Price effective from Koha item type Public note
    Dewey Decimal Classification     Tulu St Aloysius Library St Aloysius Library Secondary stack section 05/31/2008 30.00   T894.2 JAYS D03436 07/19/2021 07/19/2021 Donated Books Donated by Dr Mahalinga Bhat